Countries with the Letter A in their name - Statistics

General Stats
  • This quiz has been taken 110 times
  • The average score is 128 of 167
Answer Stats
Continent Country % Correct
Oceania Australia
97%
Asia Afghanistan
93%
Europe Austria
93%
South America Brazil
93%
Europe Albania
91%
South America Argentina
91%
North America Canada
91%
Europe Andorra
90%
Asia China
90%
North America Dominican Republic
90%
Europe France
90%
Africa Algeria
89%
Europe Finland
89%
Asia Japan
89%
Asia Azerbaijan
87%
North America Dominica
87%
Asia Kazakhstan
87%
Asia Pakistan
87%
Asia Armenia
86%
Asia Bhutan
86%
Europe Bosnia and Herzegovina
86%
North America Cuba
86%
Europe Germany
86%
Europe Iceland
86%
Asia Iran
86%
Asia Iraq
86%
Europe Ireland
86%
Europe Italy
86%
North America Jamaica
86%
Asia/Europe Russia
86%
North America United States
86%
North America Antigua and Barbuda
84%
Europe Bulgaria
84%
South America Colombia
84%
Europe Hungary
84%
Asia India
84%
Asia North Korea
84%
Europe Poland
84%
Africa Angola
83%
South America Bolivia
83%
Asia Indonesia
83%
Asia Israel
83%
Asia Kyrgyzstan
83%
Europe Latvia
83%
Europe Portugal
83%
North America Barbados
81%
Europe Denmark
81%
Africa Guinea
81%
North America Honduras
81%
Europe Lithuania
81%
Europe Netherlands
81%
Asia Oman
81%
Asia Romania
81%
Europe Spain
81%
North America Bahamas
80%
Asia Bahrain
80%
Europe Croatia
80%
Europe Estonia
80%
Asia Georgia
80%
Europe North Macedonia
80%
Asia Qatar
80%
Africa South Africa
80%
Asia South Korea
80%
Asia United Arab Emirates
80%
Asia Bangladesh
79%
Europe Belarus
79%
Africa Kenya
79%
Africa Libya
79%
Africa Madagascar
79%
Europe Norway
79%
North America Panama
79%
Oceania Papua New Guinea
79%
South America Paraguay
79%
South America Uruguay
79%
Asia Cambodia
77%
Africa Democratic Republic of the Congo
77%
North America El Salvador
77%
Africa Equatorial Guinea
77%
Africa Eritrea
77%
North America Guatemala
77%
Africa Guinea-Bissau
77%
Asia Jordan
77%
Asia Laos
77%
North America Saint Lucia
77%
Asia Saudi Arabia
77%
South America Venezuela
77%
Africa Chad
76%
North America Grenada
76%
Africa Mali
76%
Europe Malta
76%
Africa Mauritania
76%
Europe Monaco
76%
Europe Slovakia
76%
Europe Switzerland
76%
Asia Tajikistan
76%
Asia Uzbekistan
76%
Africa Zambia
76%
Africa Zimbabwe
76%
South America Ecuador
74%
South America Guyana
74%
North America Haiti
74%
Oceania Marshall Islands
74%
Oceania Palau
74%
Asia Turkmenistan
74%
Asia Vietnam
74%
Africa Burkina Faso
73%
Africa Cameroon
73%
Africa Central African Republic
73%
Africa Ethiopia
73%
Oceania Kiribati
73%
Africa Mauritius
73%
Asia Nepal
73%
North America Nicaragua
73%
Europe San Marino
73%
Europe Slovenia
73%
Africa Uganda
73%
Europe Vatican City
73%
North America Costa Rica
71%
Africa Liberia
71%
Asia Malaysia
71%
Oceania New Zealand
71%
Africa Rwanda
71%
North America Saint Vincent and the Grenadines
71%
Africa South Sudan
71%
Africa Tanzania
71%
Asia Thailand
71%
Europe Ukraine
71%
Oceania Federated States of Micronesia
70%
Africa Gambia
70%
Africa Ghana
70%
Africa Malawi
70%
Africa Namibia
70%
Africa Nigeria
70%
North America Saint Kitts and Nevis
70%
Europe Serbia
70%
Africa Sudan
70%
South America Suriname
70%
Oceania Tonga
70%
Africa Gabon
69%
Asia Kuwait
69%
Asia Mongolia
69%
Asia Myanmar
69%
Asia Taiwan
69%
Africa Botswana
67%
Africa Cape Verde
67%
Asia East Timor
67%
Asia Maldives
67%
Europe Moldova
67%
Oceania Samoa
67%
Oceania Nauru
66%
Asia Syria
66%
Oceania Tuvalu
66%
Oceania Vanuatu
66%
Europe Czechia
64%
Africa Senegal
64%
Africa Somalia
64%
Africa Tunisia
64%
Africa Eswatini
63%
Africa Ivory Coast
63%
Asia Lebanon
63%
Africa Mozambique
63%
North America Trinidad and Tobago
61%
Asia Singapore
60%
Africa São Tomé and Príncipe
59%
Asia Sri Lanka
59%
Solomon Islands
56%
Africa Sierra Leone
49%
No matching quizzes found
Score Distribution
Percent of People with Each Score
Percentile by Number Answered
Your Score History
You have not taken this quiz